000
00306nam a2200109Ia 4500
008
210430s9999 xx 000 0 und d
100
_a
Jack D.Mattingly
_9
54353
245
_a
Elements of Gas Turbine Propulsion
_c
Jack D.Mattingly
260
_a
India
_b
McGraw Hill
_c
1996
300
_a
960 p
942
_c
BK
_2
ddc
999
_c
564913
_d
564913